Statistiques concernant Les pays membres de l'OTAN

Cliquez ici pour prendre le quiz!

Statistiques générales

  • Ce quiz a été pris 4 227 fois
    (2 308 depuis la dernière actualisation)
  • Le résultat moyen est 26 sur 30

Statistiques - réponses

Date d'entréePays% Correct
1949France
99%
1982Espagne
98%
1949Etats Unis
98%
1949Canada
96%
1955Allemagne
96%
1949Italie
96%
1949Royaume Uni
96%
1949Portugal
95%
1949Belgique
93%
1949Norvège
92%
1949Pays Bas
89%
1999Pologne
89%
1952Grèce
89%
1949Danemark
88%
2009Croatie
84%
1949Luxembourg
84%
1999Hongrie
83%
1999République Tchèque
83%
2004Slovénie
83%
2004Estonie
82%
2004Slovaquie
82%
2004Lettonie
81%
2004Lituanie
81%
2004Roumanie
81%
1949Islande
80%
1952Turquie
79%
2004Bulgarie
78%
2009Albanie
70%
2017Monténégro
67%
2020Macédoine du Nord
66%

Distribution des résultats

Percentile par nombre de réponses

% des personnes avec chaque résultat

Votre développement - résultats

Vous n’avez pas pris ce quiz depuis la dernière actualisation